Central Library OPAC University of Rajshahi

Principles of modern Burmese Buddhist law / (Record no. 61689)

MARC details
000 -LEADER
fixed length control field 00813nam a2200265 a 4500
001 - CONTROL NUMBER
control field 61689
003 - CONTROL NUMBER IDENTIFIER
rucl marc code BD-RjUL
005 - DATE AND TIME OF LATEST TRANSACTION
control field 20211209081007.0
008 - FIXED-LENGTH DATA ELEMENTS--GENERAL INFORMATION
fixed length control field 170121s1951 ii b 001 0 eng
035 ## - SYSTEM CONTROL NUMBER
System control number (BD-RjUL)61813
040 ## - CATALOGING SOURCE
Original cataloging agency DLC
Transcribing agency DLC
Modifying agency BD-RjUL
Language of cataloging eng
041 ## - LANGUAGE CODE
Language code of text/sound track or separate title eng
082 00 - DEWEY DECIMAL CLASSIFICATION NUMBER
Classification number 349.591
Edition number 23
Author mark and year LAP 1951
100 1# - MAIN ENTRY--PERSONAL NAME
Personal name Lahiri, Sisir Chandra.
9 (RLIN) 183730
245 10 - TITLE STATEMENT
Title Principles of modern Burmese Buddhist law /
Statement of responsibility, etc. Sisir Chandra Lahiri.
250 ## - EDITION STATEMENT
Edition statement 5th ed.
260 ## - PUBLICATION, DISTRIBUTION, ETC. (IMPRINT)
Place of publication, distribution, etc. Calcutta :
Name of publisher, distributor, etc. Eastern Law House,
Date of publication, distribution, etc. 1951.
300 ## - PHYSICAL DESCRIPTION
Pagination xviii, [2], 419 p. ;
Size 23 cm.
500 ## - GENERAL NOTE
General note Includes indexes.
504 ## - BIBLIOGRAPHY, ETC. NOTE
Bibliography, etc Includes bibliographical references (p. [xix]).
650 #0 - SUBJECT ADDED ENTRY--TOPICAL TERM
Topical term or geographic name as entry element Domestic relations
Geographic subdivision Burma.
9 (RLIN) 183731
Topical term or geographic name as entry element Burmese Buddhist law.
9 (RLIN) 183732
942 ## - ADDED ENTRY ELEMENTS (KOHA)
Source of classification or shelving scheme Dewey Decimal Classification
Koha item type Books
Holdings
Lost status Source of classification or shelving scheme Damaged status Not for loan Collection code Permanent Location Current Location Shelving location Date acquired Source of acquisition Cost, normal purchase price Total Checkouts Full call number Date last seen Copy number Koha item type
  Dewey Decimal Classification   Not For Loan Non-fiction Central Library, University of Rajshahi Central Library, University of Rajshahi Reading Room 09/04/1956 Eastern Law House 14.00   349.591 LAP 1951 21/01/2017 C-1 Books